| 000 | 00942nam a22002537a 4500 | ||
|---|---|---|---|
| 005 | 20170124103049.0 | ||
| 010 | _aA-888599 | ||
| 020 |
_c80.00 _a8170282543 |
||
| 035 | _aA-888599 | ||
| 037 | _bCen Lib/Ret | ||
| 040 |
_aDPL _bHN |
||
| 082 |
_aक _bराधाकृ |
||
| 100 |
_aराधाकृष्ण प्रसाद _970286 |
||
| 245 |
_aएक रात और / _cराधाकृष्ण प्रसाद |
||
| 246 |
_aEk raat aur / _bby Radahkrishna Prasad |
||
| 260 |
_aदिल्ली _bराजपाल एंड संस _c1997 |
||
| 270 |
_aकश्मीरी गेट _bदिल्ली _e110006 |
||
| 300 |
_a95पृ. _c21सेमी (सजिल्द) |
||
| 650 |
_aहिन्दी साहित्य _970287 |
||
| 650 |
_aकहानियां _970288 |
||
| 650 |
_aHindi literature _970289 |
||
| 650 |
_aStories _97500 |
||
| 942 |
_2ddc _cHN _hक _mराधाकृ |
||
| 999 |
_c117134 _d117134 |
||